THE SUPREME COURT CONFRONTS ABORTION : (Record no. 9175)
[ view plain ]
| 000 -الفاتح | |
|---|---|
| حقل البيانات ثابتة الطول | 00809nam a2200217Ia 4500 |
| 008 - عناصر البيانات ثابتة الطول - معلومات عامة | |
| حقل البيانات ثابتة الطول | 140319s9999 xx 000 0 eng d |
| 040 ## - مصدر الفهرسة | |
| وكالة الفهرسة الأصلية | GCL / |
| وكالة النسخ | GCL |
| 082 04 - رقم تصنيف ديوى العشرى | |
| رقم التصنيف | 344.7304192 |
| رقم المادة | F S |
| 100 1# - المدخل الرئيسى - إسم شخصى | |
| الإسم الشخصى | FRIEDMAN, LEON |
| 245 10 - بيان العنوان | |
| العنوان | THE SUPREME COURT CONFRONTS ABORTION : |
| بقية العنوان | THE BRIEFS, ARGUMENT AND DECISION IN PLANNED PARENTHOOD CASE / |
| بيان المسئوليه,etc | FRIEDMAN, LEON |
| 250 ## - بيان الطبعة | |
| بيان الطبعة | FIRST |
| 260 ## - PUBLICATION, DISTRIBUTION, ETC. (IMPRINT) | |
| تاريخ النشر أو التوزيع | 1993 |
| 300 ## - الوصف المادى | |
| التعداد | 23 CM ؛ |
| أبعاد الوعاء | VI,502 P. |
| 650 04 - المدخل الاضافى بالموضوع-مصطلح موضوعى | |
| مصطلح موضوعي | PLANNED PARENTHOOD OF SOUTHEASTERN PENNSYLVANIA - TRIALS, LITIGATION |
| 650 04 - المدخل الاضافى بالموضوع-مصطلح موضوعى | |
| مصطلح موضوعي | CASEY, ROBERT - TRIALS |
| 650 04 - المدخل الاضافى بالموضوع-مصطلح موضوعى | |
| مصطلح موضوعي | TRIALS ( ABORTION ) WASHINGTON ( D.C ) |
| 650 04 - المدخل الاضافى بالموضوع-مصطلح موضوعى | |
| مصطلح موضوعي | ABORTION - LAW AND LEGISLATION - UNITED STATES |
| 650 04 - المدخل الاضافى بالموضوع-مصطلح موضوعى | |
| مصطلح موضوعي | ABORTION - LAW AND LEGISLATION - PENNSYLVANIA |
| 942 ## - عناصر المدخل الإضافي( كوها) | |
| مصدر التصنيف او مخطط الترفيف | Dewey Decimal Classification |
| Koha [default] item type | كتاب |
| 260 ## - PUBLICATION, DISTRIBUTION, ETC. (IMPRINT) | |
| -- | نيويورك : |
| -- | FARRAR, STRAUS AND GIROUX ، |
| حالة التراجع | حالة الفقد | حالة تلف | ليس للاعارة | المكان المؤقت | الموقع الحالى | تاريخ الاكتساب | اجمالي اﻻعارات | رقم الطلب | الباركود | تاريخ اخر مشاهدة | تاريخ تفعيل السعر | نوع وعاء كوها |
|---|---|---|---|---|---|---|---|---|---|---|---|---|
| مكتبة القاهرة الكبرى | مكتبة القاهرة الكبرى | 03/26/2014 | 344.7304192\F S | 19140 | 03/26/2014 | 03/26/2014 | كتاب | |||||
| مكتبة القاهرة الكبرى | مكتبة القاهرة الكبرى | 03/26/2014 | 344.7304192\F S | 19141 | 03/26/2014 | 03/26/2014 | كتاب | |||||
| مكتبة القاهرة الكبرى | مكتبة القاهرة الكبرى | 03/26/2014 | 344.7304192\F S | 19142 | 03/26/2014 | 03/26/2014 | كتاب |

